000
00393nam a2200145Ia 4500
008
090122s9999 xx 000 0 und d
082
_b
8062
_a
891.4683
100
_a
मुजावर
_b
बशीर
245
_a
प्रवाही
600
_a
मुजावर
630
_a
प्रवाही
700
_a
मुजावर
730
_a
प्रवाही
942
_c
BOOK
999
_c
32139
_d
32139